Cours de construction des ouvrages hydrauliques des ports de mer (Record no. 159704)

MARC details
000 -LEADER
campo de control de longitud fija 00777nam a22001815i 4500
001 - NÚMERO DE CONTROL
campo de control 159704
003 - IDENTIFICADOR DE NÚMERO DE CONTROL
campo de control ES-MaACL
005 - FECHA Y HORA DE LA ÚLTIMA TRANSACCIÓN
campo de control 20230906211738.0
008 - DATOS DE LONGITUD FIJA--INFORMACIÓN GENERAL
campo de control de longitud fija 990701s1846 fr ae |||| | fre d
040 ## - FUENTE DE CATALOGACIÓN
Centro catalogador/agencia de origen GA
Lengua de catalogación spa
Centro/agencia transcriptor CCPB | 3D
100 1# - ENTRADA PRINCIPAL--NOMBRE DE PERSONA
Nombre de persona Minard, M.
9 (RLIN) 129944
245 10 - MENCIÓN DEL TÍTULO
Título Cours de construction des ouvrages hydrauliques des ports de mer
Resto del título : professé a lécole des ponts et chaussées /
Mención de responsabilidad, etc. par M. Minard.
260 ## - PUBLICACIÓN, DISTRIBUCIÓN, ETC.
Lugar de publicación, distribución, etc. Paris :
Nombre del editor, distribuidor, etc. Carilian-Goeury et Vor. Dalmont,
Fecha de publicación, distribución, etc. 1846 (
Fabricante Imprimerie de Fain et Thunot)
300 ## - DESCRIPCIÓN FÍSICA
Extensión 2 v. ;
Dimensiones 28, 34 x 23 cm.
505 8# - NOTA DE CONTENIDO CON FORMATO
Nota de contenido con formato Contiene : [Texto] (X, 252 p.) -- [Atlas] (25 h. de plan.)
752 ## - ENTRADA AGREGADA--NOMBRE JERÁRQUICO DEL LUGAR
País o entidad superior Francia -
Ciudad París
852 ## - LOCALIZACIÓN
Ubicación ES-MaACL
Nota libre G-10386-19387
-- -- Enc. hol.
Encuadernación -- Edic.: añadir T650 Puertos (Construcción) y T650 Ingeniería civil
Holdings
Estatus retirado Estado de pérdida Estado de daño No para préstamo Colección Biblioteca de origen Biblioteca actual Ubicación en estantería Fecha de adquisición Fuente de adquisición Total de préstamos Signatura topográfica completa Código de barras Visto por última vez Precio de reemplazo Tipo de ítem Koha
        Libros del s. XIX Biblioteca del Ateneo de Madrid Biblioteca del Ateneo de Madrid Sala Pecera Planta 3 17/01/2008     G-10386-19387 1167192 23/02/2023 23/02/2023 Libro impreso antiguo